000
00318 a2200145 4500
001
162910
020
_a
040
_c
Magnum
100
_a
Parramon, Josep M.
240
1
0
_a
Mi primera visita al zoo
_l
ESP
245
1
0
_a
Mi primera visita al zoo
362
0
_a
1899
697
_a
LITERATURA ESTRANGEIRA
942
_c
BK
999
_c
162910
_d
162910